000 01917nam0a2200361 i 4500
001 RU\NLR\BIBL_A\010795886
005 20260408082121.0
010 _a9785905374395
_9200
021 _aRU
_b2015-40437
_92406
035 _a(NILC)RuMoRGB-007944338
035 _a(NLR Aleph) 010795886
090 _a10136251
_c10136251
100 _a20150702d2014 km y0rusy50 ca
101 0 _arus
102 _aRU
105 _aa z 000yy
200 1 _aОсобенности работы с детьми из неблагополучных семей и их родителями
_e[сборник]
_fМ-во образования и науки Калужской обл., Гос. авт. образовательное учреждение доп. проф. образования Калужской обл. "Калужский гос. ин-т модернизации образования"
_g[сост. Л. Г. Астахова]
210 _aКалуга
_cКалужский гос. ин-т модернизации образования
_d2014
215 _a187 с.
_cил., табл.
_d20
320 _aБиблиогр. в конце ст.
606 1 _aСемьи неблагополучные
_xПедагогическая поддержка
_92572114
_3RU\NLR\AUTH\661520968
606 1 _aДети из неблагополучных семей
_xПедагогическая поддержка
_92245683
_3RU\NLR\AUTH\6601578313
610 0 _aдети из неблагополучных семей
686 1 _aЧ491.95
686 1 _aЧ313
702 1 _aАстахова
_bЛ. Г.
_4220
712 0 2 _4570
_aКалужский государственный институт модернизации образования
_9330013
_3RU\NLR\AUTH\8810222664
801 0 _aRU
_bРГБ
_c20150602
_gRCR
942 _cBOOK
980 _aNBR